000 00655nam a2200241 i 4500
001 C2-0298551
003 PPAK
005 20180728080602.0
008 090604s2005 cc a|||| ||||| | chi d
020 _a780699453X
040 _aPPAK
_beng
_cPPAK
_erda
082 0 4 _a895.13
_223
090 0 0 _a895.13
_bLIJ
_dK
100 1 _aLi, Jie,
_eauthor
245 1 0 _aYing xiong ren wu
264 1 _aHa Er Bin :
_bHa Er Bin chu ban she ,
_c2005
300 _a219 pages :
_billustrations ;
_c21 cm
336 _2rdacontent
_atext
337 _2rdamedia
_aunmediated
338 _2rdacarrier
_avolume
650 1 0 _aChildren's stories, Chinese
942 _ddc
_cB
999 _c102810
_d102810